|
|
|
|
| LEADER |
00000nam0a2200000 4500 |
| 001 |
291121 |
| 005 |
20231102000345.0 |
| 035 |
|
|
|a (RuTPU)RU\TPU\book\315686
|
| 090 |
|
|
|a 291121
|
| 100 |
|
|
|a 20150411d1983 km y0rusy50 ca
|
| 101 |
0 |
|
|a rus
|
| 102 |
|
|
|a RU
|
| 105 |
|
|
|a a z 001zy
|
| 200 |
1 |
|
|a Алгоритмы математического моделирования процессов добычи и переработки сырья в нерудной и неметаллорудной промышленности
|e [сборник статей]
|f Всесоюзный научно-исследовательский институт нерудных строительных материалов и гидромеханизации (ВНИИнеруд)
|
| 210 |
|
|
|a Тольятти
|c [Б. и.]
|d 1983
|
| 215 |
|
|
|a 98 с.
|c ил.
|
| 320 |
|
|
|a Библиография в конце статей
|
| 606 |
1 |
|
|a Строительные материалы минеральные нерудные
|x Добыча
|x Производительность труда
|2 stltpush
|3 (RuTPU)RU\TPU\subj\57556
|9 75415
|
| 610 |
1 |
|
|a неметаллорудные строительные материалы
|
| 610 |
1 |
|
|a переработка
|
| 610 |
1 |
|
|a математическое моделирование
|
| 610 |
1 |
|
|a алгоритмы
|
| 610 |
1 |
|
|a технологические схемы
|
| 610 |
1 |
|
|a расчет
|
| 610 |
1 |
|
|a оборудование
|
| 610 |
1 |
|
|a технологические процессы
|
| 610 |
1 |
|
|a оптимизация
|
| 610 |
1 |
|
|a прогнозирование
|
| 610 |
1 |
|
|a технико-экономические показатели
|
| 675 |
|
|
|a 622.35/.36
|v 4
|
| 712 |
0 |
2 |
|a Всесоюзный научно-исследовательский институт нерудных строительных материалов и гидромеханизации (ВНИИнеруд)
|2 stltpush
|3 (RuTPU)RU\TPU\col\25197
|
| 801 |
|
1 |
|a RU
|b 63413507
|c 20150411
|
| 801 |
|
2 |
|a RU
|b 63413507
|c 20190128
|g RCR
|
| 942 |
|
|
|c BK
|